Statistics for World Capitals Quiz - 15 minute version

Click here to take the quiz!

General Stats

  • This quiz has been taken 851 times
  • The average score is 117 of 205

Answer Stats

countrycapital% Correct
FranceParis
93%
United KingdomLondon
92%
ItalyRome
92%
GermanyBerlin
91%
SpainMadrid
91%
RussiaMoscow
91%
GreeceAthens
88%
NorwayOslo
87%
Vatican CityVatican City
87%
NetherlandsAmsterdam
86%
BelgiumBrussels
86%
JapanTokyo
86%
AustriaVienna
86%
United StatesWashington
86%
ChinaBeijing
85%
PortugalLisbon
85%
IndiaNew Delhi
85%
BrazilBrasília
84%
IrelandDublin
84%
SwedenStockholm
84%
DenmarkCopenhagen
83%
UkraineKiev
83%
MexicoMexico City
83%
HungaryBudapest
82%
AustraliaCanberra
82%
FinlandHelsinki
82%
PolandWarsaw
82%
SwitzerlandBern
80%
LuxembourgLuxembourg
80%
MonacoMonaco
80%
CzechiaPrague
80%
BulgariaSofia
80%
EgyptCairo
79%
IsraelJerusalem
78%
IcelandReykjavík
78%
South KoreaSeoul
78%
BelarusMinsk
77%
CanadaOttawa
77%
PalestineRamallah or
East Jerusalem
76%
CroatiaZagreb
76%
RomaniaBucharest
75%
ArgentinaBuenos Aires
75%
SingaporeSingapore
75%
ThailandBangkok
74%
TurkeyAnkara
73%
AfghanistanKabul
73%
PeruLima
73%
San MarinoSan Marino
73%
IraqBaghdad
72%
LatviaRiga
72%
AlbaniaTirana
72%
Bosnia and
Herzegovina
Sarajevo
71%
IranTehran
71%
CubaHavana
70%
IndonesiaJakarta
70%
New ZealandWellington
70%
United Arab EmiratesAbu Dhabi
69%
North KoreaPyongyang
69%
ChileSantiago
69%
AndorraAndorra
la Vella
67%
ColombiaBogotá
67%
JamaicaKingston
67%
PanamaPanama City
67%
South AfricaPretoria, Cape Town
or Bloemfontein
67%
EstoniaTallinn
67%
LebanonBeirut
66%
PhilippinesManila
66%
LithuaniaVilnius
66%
AzerbaijanBaku
65%
SlovakiaBratislava
65%
VietnamHanoi
65%
PakistanIslamabad
65%
KuwaitKuwait City
65%
SerbiaBelgrade
64%
VenezuelaCaracas
64%
MalaysiaKuala Lumpur
64%
AlgeriaAlgiers
63%
SyriaDamascus
63%
MaltaValletta
63%
QatarDoha
62%
KenyaNairobi
62%
KosovoPristina
62%
BangladeshDhaka
61%
NepalKathmandu
61%
BoliviaLa Paz or Sucre
61%
MacedoniaSkopje
61%
TaiwanTaipei
61%
MongoliaUlaanbaatar
61%
SloveniaLjubljana
60%
UruguayMontevideo
60%
CyprusNicosia
60%
EcuadorQuito
60%
LiechtensteinVaduz
60%
GeorgiaTbilisi
59%
TunisiaTunis
59%
JordanAmman
58%
KazakhstanAstana
58%
Saudi ArabiaRiyadh
58%
El SalvadorSan Salvador
58%
MontenegroPodgorica
57%
MoroccoRabat
57%
EthiopiaAddis Ababa
56%
DjiboutiDjibouti
56%
ArmeniaYerevan
56%
MoldovaChișinău
55%
HaitiPort-au-Prince
55%
LibyaTripoli
55%
MaldivesMalé
54%
Costa RicaSan José
54%
GuatemalaGuatemala City
53%
OmanMuscat
53%
BahamasNassau
53%
GuyanaGeorgetown
52%
CambodiaPhnom Penh
52%
YemenSana'a
52%
Sri LankaColombo
51%
SenegalDakar
51%
Dominican RepublicSanto Domingo
51%
UzbekistanTashkent
51%
ParaguayAsunción
50%
Guinea-BissauBissau
50%
AngolaLuanda
50%
BahrainManama
50%
Trinidad and TobagoPort-of-Spain
50%
CongoBrazzaville
49%
Democratic Republic
of the Congo
Kinshasa
49%
GhanaAccra
48%
KyrgyzstanBishkek
48%
SurinameParamaribo
48%
FijiSuva
48%
LaosVientiane
48%
Timor-LesteDili
47%
Burkina FasoOuagadougou
47%
BarbadosBridgetown
46%
Sierra LeoneFreetown
46%
NicaraguaManagua
46%
São Tomé and PríncipeSão Tomé
46%
BhutanThimphu
46%
NigeriaAbuja
45%
MadagascarAntananarivo
45%
Saint Vincent and the
Grenadines
Kingstown
45%
Papua New GuineaPort Moresby
45%
SeychellesVictoria
45%
BelizeBelmopan
44%
ZimbabweHarare
44%
SudanKhartoum
44%
BeninPorto-Novo or
Cotonou
44%
Antigua and BarbudaSaint John's
44%
HondurasTegucigalpa
44%
TurkmenistanAshgabat
43%
South SudanJuba
43%
SomaliaMogadishu
43%
GrenadaSaint George's
43%
CameroonYaoundé
43%
BruneiBandar Seri
Begawan
42%
BotswanaGaborone
42%
GabonLibreville
42%
LiberiaMonrovia
42%
GreenlandNuuk
42%
Cabo VerdePraia
42%
DominicaRoseau
42%
EritreaAsmara
41%
TajikistanDushanbe
41%
ChadN'Djamena
41%
Central African RepublicBangui
40%
UgandaKampala
40%
RwandaKigali
40%
TogoLomé
40%
NamibiaWindhoek
40%
Saint LuciaCastries
39%
MozambiqueMaputo
39%
ComorosMoroni
39%
MyanmarNaypyidaw
39%
SamoaApia
38%
GuineaConakry
38%
NigerNiamey
38%
GambiaBanjul
37%
TanzaniaDodoma
37%
TuvaluFunafuti
37%
ZambiaLusaka
37%
LesothoMaseru
37%
MauritiusPort Louis
37%
VanuatuPort Vila
37%
Côte d'IvoireYamoussoukro
37%
BurundiBujumbura
36%
Saint Kitts and NevisBasseterre
35%
MalawiLilongwe
35%
NauruYaren
35%
MaliBamako
34%
Equatorial GuineaMalabo
34%
SwazilandMbabane
34%
MauritaniaNouakchott
34%
TongaNukuʻalofa
34%
Marshall IslandsMajuro
33%
Solomon IslandsHoniara
31%
PalauNgerulmud
31%
MicronesiaPalikir
31%
KiribatiSouth Tarawa
30%
Faroe IslandsTórshavn
28%
CuraçaoWillemstad
22%
ArubaOranjestad
21%
Cook IslandsAvarua
15%
NiueAlofi
14%
Western SaharaEl-Aouin or Tifariti
14%
Sint MaartenPhilipsburg
12%

Score Distribution

Percentile by Number Answered

Percent of People with Each Score

Your Score History

You have not taken this quiz